000 00370nam a2200157Ia 4500
008 230524s9999 xx 000 0 und d
082 _a621.382
_bGOP
100 _aM.Gopal
245 0 _aModern Control System Theory
250 _a`
260 _aNEW DELHI
_bNew Age
_c2003
300 _aXX;681
500 _aQuantity Number: 4
650 _aElectrical
942 _cBK
999 _c36523
_d36523